Las matemáticas, cómo se aprenden, cómo se enseñan: un texto base para psicólogos, enseñantes y padres

Guardat en:
Dades bibliogràfiques
Autor principal: Mialaret, Gaston (autor)
Format: Llibre
Idioma:espanyol
Publicat: Madrid Visor 1984
Col·lecció:Aprendizaje Visor
Matèries:
Etiquetes: Afegir etiqueta
Sense etiquetes, Sigues el primer a etiquetar aquest registre!

MARC

LEADER 00000nam a2200000 a 4500
001 UCY9876
003 CL-VaPUC
008 950724e19840000SP |||||||||||||||||spa|d
082 0 4 |a 372.7  |b MIA  |2 21 
100 |a Mialaret, Gaston  |e autor  |9 586551 
245 1 4 |a Las matemáticas, cómo se aprenden, cómo se enseñan: un texto base para psicólogos, enseñantes y padres 
300 |a 174 p 
942 |c BK 
945 |d 19950724 00:00:00  |a mfernand 
260 |a Madrid  |b Visor  |c 1984 
650 0 |a Matemática  |9 260235 
583 |a last modification  |c 19950724 00:00:00  |k Rodrigo Vera 
490 0 |a Aprendizaje Visor 
999 |c 236880  |d 236878 
952 |0 0  |1 0  |4 0  |6 372_700000000000000_MIA_1984  |7 0  |8 A  |9 245244  |a BIBEDU  |b BIBEDU  |d 2019-11-18  |i 1538624  |o 372.7 MIA 1984  |p 1538624  |r 2019-11-18  |w 2019-11-18  |y BK  |k EDU